[Event "DEM U12 2021"]
[Site "Willingen GER"]
[Date "2021.08.26"]
[Round "6"]
[White "Schröder, Jan-Hendrik"]
[Black "Rückel, Felix"]
[Result "1-0"]
[Termination "normal"]
[Board "27"]
[WhiteElo "1246"]
[BlackElo "994"]
[WhiteClock "00:26:42"]
[BlackClock "00:52:59"]
[PlyCount "139"]
[WhiteFideId "16283538"]
[BlackFideId "34608826"]
[EventCountry "GER"]
[EventRounds "9"]
[EventType "swiss"]
[EventDate "2021.08.22"]

1. e4 {[%clk 01:29:34]} {[%emt 00:01:25]} e5 {[%clk 01:30:52]} {[%emt
00:00:09]} 2. Nf3 {[%clk 01:28:34]} {[%emt 00:01:29]} Nc6 {[%clk 01:31:06]}
{[%emt 00:00:16]} 3. d4 {[%clk 01:27:39]} {[%emt 00:01:25]} exd4 {[%clk
01:31:16]} {[%emt 00:00:19]} 4. Bc4 {[%clk 01:26:44]} {[%emt 00:01:25]} Bc5
{[%clk 01:30:01]} {[%emt 00:01:46]} 5. c3 {[%clk 01:25:33]} {[%emt 00:01:42]}
dxc3 {[%clk 01:29:04]} {[%emt 00:01:26]} 6. Bxf7+ {[%clk 01:24:36]} {[%emt
00:01:27]} Kxf7 {[%clk 01:28:52]} {[%emt 00:00:42]} 7. Qd5+ {[%clk 01:23:43]}
{[%emt 00:01:23]} Ke8 {[%clk 01:28:43]} {[%emt 00:00:39]} 8. Qh5+ {[%clk
01:22:44]} {[%emt 00:01:29]} g6 {[%clk 01:27:52]} {[%emt 00:01:20]} 9. Qxc5
{[%clk 01:21:47]} {[%emt 00:01:28]} Qe7 {[%clk 01:27:40]} {[%emt 00:00:40]} 10.
Qxc3 {[%clk 01:19:02]} {[%emt 00:03:18]} Nf6 {[%clk 01:27:11]} {[%emt
00:00:56]} 11. O-O {[%clk 01:18:25]} {[%emt 00:01:10]} d6 {[%clk 01:25:51]}
{[%emt 00:01:49]} 12. Bg5 {[%clk 01:16:47]} {[%emt 00:02:09]} Kf7 {[%clk
01:23:26]} {[%emt 00:02:52]} 13. Na3 {[%clk 01:09:00]} {[%emt 00:08:19]} a6
{[%clk 01:21:10]} {[%emt 00:02:47]} 14. Nc4 {[%clk 01:04:29]} {[%emt 00:05:01]}
Be6 {[%clk 01:18:35]} {[%emt 00:03:01]} 15. e5 {[%clk 01:03:05]} {[%emt
00:01:57]} Ne4 {[%clk 01:16:35]} {[%emt 00:02:30]} 16. Qe3 {[%clk 00:57:43]}
{[%emt 00:05:52]} Nxg5 {[%clk 01:14:44]} {[%emt 00:02:19]} 17. Nxg5+ {[%clk
00:57:01]} {[%emt 00:01:14]} Kg7 {[%clk 01:12:32]} {[%emt 00:02:42]} 18. exd6
{[%clk 00:55:59]} {[%emt 00:01:32]} cxd6 {[%clk 01:11:47]} {[%emt 00:01:14]}
19. Nxe6+ {[%clk 00:55:22]} {[%emt 00:01:09]} Kf7 {[%clk 01:11:19]} {[%emt
00:00:55]} 20. Nf4 {[%clk 00:53:02]} {[%emt 00:02:52]} Qxe3 {[%clk 01:08:49]}
{[%emt 00:03:00]} 21. fxe3 {[%clk 00:50:35]} {[%emt 00:02:57]} Rad8 {[%clk
01:08:10]} {[%emt 00:01:08]} 22. Rad1 {[%clk 00:46:54]} {[%emt 00:04:12]} Ke7
{[%clk 01:08:05]} {[%emt 00:00:36]} 23. Nd5+ {[%clk 00:46:40]} {[%emt
00:00:44]} Kd7 {[%clk 01:07:12]} {[%emt 00:01:22]} 24. Ncb6+ {[%clk 00:46:26]}
{[%emt 00:00:45]} Ke8 {[%clk 01:07:06]} {[%emt 00:00:34]} 25. Rf6 {[%clk
00:43:46]} {[%emt 00:03:09]} Rf8 {[%clk 01:06:23]} {[%emt 00:01:13]} 26. Nc7+
{[%clk 00:40:38]} {[%emt 00:03:39]} Ke7 {[%clk 01:06:33]} {[%emt 00:00:21]} 27.
Re6+ {[%clk 00:39:48]} {[%emt 00:01:19]} Kf7 {[%clk 01:06:44]} {[%emt
00:00:20]} 28. Rdxd6 {[%clk 00:39:08]} {[%emt 00:01:09]} Rxd6 {[%clk 01:04:12]}
{[%emt 00:03:01]} 29. Rxd6 {[%clk 00:38:45]} {[%emt 00:00:54]} Ke7 {[%clk
01:04:10]} {[%emt 00:00:32]} 30. Rd7+ {[%clk 00:37:22]} {[%emt 00:01:53]} Kf6
{[%clk 01:04:25]} {[%emt 00:00:16]} 31. Rd1 {[%clk 00:36:22]} {[%emt 00:01:29]}
Ke7 {[%clk 01:03:33]} {[%emt 00:01:13]} 32. Ncd5+ {[%clk 00:35:49]} {[%emt
00:01:11]} Ke6 {[%clk 01:03:15]} {[%emt 00:00:47]} 33. Nf4+ {[%clk 00:33:11]}
{[%emt 00:03:08]} Ke7 {[%clk 01:03:01]} {[%emt 00:00:46]} 34. Nbd5+ {[%clk
00:32:56]} {[%emt 00:00:45]} Ke8 {[%clk 01:02:43]} {[%emt 00:00:47]} 35. a3
{[%clk 00:29:55]} {[%emt 00:03:32]} Na5 {[%clk 01:01:10]} {[%emt 00:02:02]} 36.
Nc7+ {[%clk 00:26:55]} {[%emt 00:03:31]} Ke7 {[%clk 00:59:58]} {[%emt
00:01:43]} 37. Rf1 {[%clk 00:25:25]} {[%emt 00:02:00]} Kd7 {[%clk 00:59:32]}
{[%emt 00:00:48]} 38. Ncd5 {[%clk 00:24:24]} {[%emt 00:01:38]} Kd6 {[%clk
00:58:50]} {[%emt 00:01:12]} 39. Rd1 {[%clk 00:23:52]} {[%emt 00:01:02]} Ke5
{[%clk 00:56:16]} {[%emt 00:03:03]} 40. Nb6 {[%clk 00:18:59]} {[%emt 00:05:25]}
Ke4 {[%clk 00:55:35]} {[%emt 00:01:10]} 41. Kf2 {[%clk 00:18:20]} {[%emt
00:01:10]} g5 {[%clk 00:55:26]} {[%emt 00:00:39]} 42. Rd4+ {[%clk 00:18:19]}
{[%emt 00:00:29]} Kf5 {[%clk 00:55:01]} {[%emt 00:00:56]} 43. Rd5+ {[%clk
00:18:35]} {[%emt 00:00:14]} Ke4 {[%clk 00:55:01]} {[%emt 00:00:27]} 44. Rxa5
{[%clk 00:18:39]} {[%emt 00:00:30]} gxf4 {[%clk 00:55:12]} {[%emt 00:00:18]}
45. Ra4+ {[%clk 00:19:04]} {[%emt 00:00:05]} Kd3 {[%clk 00:55:01]} {[%emt
00:00:41]} 46. Rxf4 {[%clk 00:19:17]} {[%emt 00:00:17]} Rxf4+ {[%clk 00:54:15]}
{[%emt 00:01:16]} 47. exf4 {[%clk 00:19:15]} {[%emt 00:00:33]} Ke4 {[%clk
00:54:28]} {[%emt 00:00:16]} 48. g3 {[%clk 00:19:25]} {[%emt 00:00:21]} h6
{[%clk 00:53:58]} {[%emt 00:00:58]} 49. h4 {[%clk 00:19:43]} {[%emt 00:00:14]}
h5 {[%clk 00:52:42]} {[%emt 00:01:45]} 50. Kg2 {[%clk 00:19:59]} {[%emt
00:00:15]} a5 {[%clk 00:52:30]} {[%emt 00:00:41]} 51. Kh3 {[%clk 00:20:20]}
{[%emt 00:00:09]} Kf5 {[%clk 00:52:00]} {[%emt 00:00:52]} 52. Nc4 {[%clk
00:20:34]} {[%emt 00:00:24]} Kg6 {[%clk 00:51:44]} {[%emt 00:00:47]} 53. g4
{[%clk 00:20:58]} {[%emt 00:00:06]} a4 {[%clk 00:51:35]} {[%emt 00:00:39]} 54.
gxh5+ {[%clk 00:21:18]} {[%emt 00:00:10]} Kxh5 {[%clk 00:51:25]} {[%emt
00:00:39]} 55. Nb6 {[%clk 00:21:35]} {[%emt 00:00:14]} Kg6 {[%clk 00:51:20]}
{[%emt 00:00:34]} 56. Kg4 {[%clk 00:22:00]} {[%emt 00:00:05]} Kf6 {[%clk
00:51:39]} {[%emt 00:00:11]} 57. h5 {[%clk 00:22:26]} {[%emt 00:00:04]} Kg7
{[%clk 00:51:52]} {[%emt 00:00:17]} 58. Kg5 {[%clk 00:22:50]} {[%emt 00:00:06]}
Kh7 {[%clk 00:52:12]} {[%emt 00:00:10]} 59. Kf6 {[%clk 00:23:12]} {[%emt
00:00:08]} Kg8 {[%clk 00:52:39]} {[%emt 00:00:03]} 60. Ke7 {[%clk 00:23:35]}
{[%emt 00:00:08]} Kh7 {[%clk 00:52:38]} {[%emt 00:00:30]} 61. f5 {[%clk
00:23:59]} {[%emt 00:00:07]} Kh6 {[%clk 00:52:42]} {[%emt 00:00:26]} 62. f6
{[%clk 00:23:48]} {[%emt 00:00:41]} Kxh5 {[%clk 00:52:53]} {[%emt 00:00:18]}
63. f7 {[%clk 00:24:12]} {[%emt 00:00:05]} Kh4 {[%emt 00:01:12]} 64. f8=Q
{[%emt 00:00:09]} Kh3 {[%clk 00:51:36]} {[%emt 00:00:27]} 65. Qg7 {[%clk
00:24:38]} {[%emt 00:00:05]} Kh4 {[%clk 00:51:46]} {[%emt 00:00:19]} 66. Kf6
{[%clk 00:25:04]} {[%emt 00:00:05]} Kh3 {[%clk 00:52:05]} {[%emt 00:00:11]} 67.
Qg1 {[%clk 00:25:29]} {[%emt 00:00:04]} Kh4 {[%clk 00:52:19]} {[%emt 00:00:16]}
68. Kf5 {[%clk 00:25:57]} {[%emt 00:00:03]} Kh3 {[%clk 00:52:33]} {[%emt
00:00:15]} 69. Kf4 {[%clk 00:26:23]} {[%emt 00:00:05]} Kh4 {[%clk 00:52:59]}
{[%emt 00:00:04]} 70. Qg4 {[%clk 00:26:42]} {[%emt 00:00:11]} 1-0

[Event "DEM U12 2021"]
[Site "Willingen GER"]
[Date "2021.08.26"]
[Round "6"]
[White "Ehses, Julius"]
[Black "Wellßow, Lio Keanu"]
[Result "1-0"]
[Termination "normal"]
[Board "28"]
[WhiteElo "1102"]
[BlackElo "1203"]
[WhiteClock "00:02:04"]
[BlackClock "00:20:34"]
[PlyCount "83"]
[WhiteFideId "16294920"]
[BlackFideId "16252837"]
[EventCountry "GER"]
[EventRounds "9"]
[EventType "swiss"]
[EventDate "2021.08.22"]

1. e4 {[%clk 01:30:59]} e6 {[%clk 01:30:52]} {[%emt 00:00:09]} 2. d4 {[%clk
01:31:22]} {[%emt 00:00:07]} d5 {[%clk 01:31:13]} {[%emt 00:00:09]} 3. exd5
{[%clk 01:31:46]} {[%emt 00:00:06]} exd5 {[%clk 01:31:37]} {[%emt 00:00:07]} 4.
Bd3 {[%clk 01:32:06]} {[%emt 00:00:09]} Bd6 {[%clk 01:31:13]} {[%emt 00:00:55]}
5. Ne2 {[%clk 01:32:02]} {[%emt 00:00:34]} Nf6 {[%clk 01:31:04]} {[%emt
00:00:39]} 6. Bf4 {[%clk 01:31:23]} {[%emt 00:01:08]} Bxf4 {[%clk 01:27:54]}
{[%emt 00:03:41]} 7. Nxf4 {[%clk 01:31:43]} {[%emt 00:00:10]} Bg4 {[%clk
01:28:11]} {[%emt 00:00:13]} 8. Ne2 {[%clk 01:30:56]} {[%emt 00:01:16]} O-O
{[%clk 01:28:34]} {[%emt 00:00:08]} 9. f3 {[%clk 01:30:16]} {[%emt 00:01:09]}
Bh5 {[%clk 01:28:34]} {[%emt 00:00:30]} 10. O-O {[%clk 01:30:03]} {[%emt
00:00:43]} Nbd7 {[%clk 01:23:35]} {[%emt 00:05:29]} 11. Nf4 {[%clk 01:26:33]}
{[%emt 00:03:50]} Re8 {[%clk 01:18:20]} {[%emt 00:05:55]} 12. Nxh5 {[%clk
01:25:53]} {[%emt 00:01:10]} Nxh5 {[%clk 01:18:26]} {[%emt 00:00:22]} 13. Re1
{[%clk 01:19:29]} {[%emt 00:06:56]} Nf4 {[%clk 01:15:35]} {[%emt 00:03:21]} 14.
Nc3 {[%clk 01:11:05]} {[%emt 00:08:54]} Rxe1+ {[%clk 01:14:47]} {[%emt
00:01:19]} 15. Qxe1 {[%clk 01:11:22]} {[%emt 00:00:12]} Nxd3 {[%clk 01:14:41]}
{[%emt 00:00:35]} 16. cxd3 {[%clk 01:11:42]} {[%emt 00:00:11]} c6 {[%clk
01:14:16]} {[%emt 00:00:55]} 17. Qd2 {[%clk 01:10:09]} {[%emt 00:02:03]} Qf6
{[%clk 01:12:39]} {[%emt 00:02:07]} 18. Qf2 {[%clk 01:07:28]} {[%emt 00:03:12]}
Re8 {[%clk 01:11:19]} {[%emt 00:01:49]} 19. b4 {[%clk 01:03:42]} {[%emt
00:04:17]} Qd6 {[%clk 01:06:33]} {[%emt 00:05:15]} 20. a3 {[%clk 01:01:19]}
{[%emt 00:02:53]} b5 {[%clk 01:03:32]} {[%emt 00:03:32]} 21. Rd1 {[%clk
00:55:07]} {[%emt 00:06:41]} a5 {[%clk 01:01:55]} {[%emt 00:02:08]} 22. Rb1
{[%clk 00:48:28]} {[%emt 00:07:08]} Nb8 {[%clk 00:53:53]} {[%emt 00:08:33]} 23.
Qb2 {[%clk 00:40:02]} {[%emt 00:08:52]} a4 {[%clk 00:52:46]} {[%emt 00:01:40]}
24. Qf2 {[%clk 00:36:54]} {[%emt 00:02:59]} Nd7 {[%clk 00:48:31]} {[%emt
00:05:24]} 25. Re1 {[%clk 00:32:01]} {[%emt 00:05:14]} Rxe1+ {[%clk 00:44:23]}
{[%emt 00:04:47]} 26. Qxe1 {[%clk 00:32:14]} {[%emt 00:00:16]} Kf8 {[%clk
00:43:52]} {[%emt 00:01:02]} 27. Ne2 {[%clk 00:26:48]} {[%emt 00:05:28]} Qe6
{[%clk 00:39:14]} {[%emt 00:05:36]} 28. Kf2 {[%clk 00:25:17]} {[%emt 00:01:46]}
Qf5 {[%clk 00:36:27]} {[%emt 00:03:32]} 29. Qd2 {[%clk 00:23:44]} {[%emt
00:01:40]} Nf6 {[%clk 00:34:55]} {[%emt 00:02:26]} 30. h3 {[%clk 00:19:43]}
{[%emt 00:04:29]} g5 {[%clk 00:32:39]} {[%emt 00:02:47]} 31. g4 {[%clk
00:18:03]} {[%emt 00:02:05]} Qg6 {[%clk 00:32:32]} {[%emt 00:00:41]} 32. Kg3
{[%clk 00:16:29]} {[%emt 00:01:36]} h5 {[%clk 00:29:23]} {[%emt 00:04:07]} 33.
Qe3 {[%clk 00:13:11]} {[%emt 00:03:39]} Nd7 {[%clk 00:29:03]} {[%emt 00:01:00]}
34. Nc1 {[%clk 00:11:29]} {[%emt 00:02:10]} f5 {[%clk 00:28:29]} {[%emt
00:01:06]} 35. gxh5 {[%clk 00:09:39]} {[%emt 00:02:20]} Qxh5 {[%clk 00:27:49]}
{[%emt 00:01:08]} 36. Qe6 {[%clk 00:08:52]} {[%emt 00:01:18]} f4+ {[%clk
00:25:59]} {[%emt 00:02:21]} 37. Kg2 {[%clk 00:08:49]} {[%emt 00:00:28]} g4
{[%clk 00:21:56]} {[%emt 00:04:38]} 38. hxg4 {[%clk 00:06:22]} {[%emt
00:02:57]} Qh4 {[%clk 00:21:36]} {[%emt 00:00:49]} 39. Qf5+ {[%clk 00:02:59]}
{[%emt 00:03:41]} Qf6 {[%clk 00:21:02]} {[%emt 00:01:17]} 40. Qxf6+ {[%clk
00:02:03]} {[%emt 00:01:26]} Nxf6 {[%clk 00:21:14]} {[%emt 00:00:18]} 41. Ne2
{[%clk 00:02:19]} {[%emt 00:00:14]} Kf7 {[%clk 00:20:34]} {[%emt 00:01:09]} 42.
Nxf4 {[%clk 00:02:04]} {[%emt 00:00:46]} 1-0

[Event "DEM U12 2021"]
[Site "Willingen GER"]
[Date "2021.08.27"]
[Round "7"]
[White "Malinowsky, Levi"]
[Black "Besou, Hussain"]
[Result "0-1"]
[Termination "normal"]
[Board "1"]
[WhiteElo "1593"]
[BlackElo "1856"]
[WhiteClock "00:23:01"]
[BlackClock "00:34:42"]
[PlyCount "110"]
[WhiteFideId "16253094"]
[BlackFideId "16269950"]
[EventCountry "GER"]
[EventRounds "9"]
[EventType "swiss"]
[EventDate "2021.08.22"]

1. Nf3 {[%clk 01:30:54]} {[%emt 00:00:05]} Nf6 {[%clk 01:30:31]} {[%emt
00:00:29]} 2. d3 {[%clk 01:30:25]} {[%emt 00:01:00]} d5 {[%clk 01:29:53]}
{[%emt 00:01:07]} 3. Nbd2 {[%clk 01:30:35]} {[%emt 00:00:19]} Nc6 {[%clk
01:29:50]} {[%emt 00:00:33]} 4. e4 {[%clk 01:30:10]} {[%emt 00:00:55]} e5
{[%clk 01:29:57]} {[%emt 00:00:22]} 5. g3 {[%clk 01:29:43]} {[%emt 00:00:57]}
Bc5 {[%clk 01:28:50]} {[%emt 00:01:37]} 6. Bg2 {[%clk 01:29:36]} {[%emt
00:00:37]} dxe4 {[%clk 01:28:26]} {[%emt 00:00:54]} 7. dxe4 {[%clk 01:29:30]}
{[%emt 00:00:35]} O-O {[%clk 01:28:21]} {[%emt 00:00:35]} 8. O-O {[%clk
01:29:23]} {[%emt 00:00:37]} h6 {[%clk 01:26:31]} {[%emt 00:02:20]} 9. Qe2
{[%clk 01:27:19]} {[%emt 00:02:33]} a5 {[%clk 01:25:21]} {[%emt 00:01:42]} 10.
h3 {[%clk 01:25:02]} {[%emt 00:02:48]} a4 {[%clk 01:24:37]} {[%emt 00:01:14]}
11. a3 {[%clk 01:22:05]} {[%emt 00:03:27]} Qe7 {[%clk 01:24:03]} {[%emt
00:01:03]} 12. Rd1 {[%clk 01:20:46]} {[%emt 00:01:49]} Rd8 {[%clk 01:20:30]}
{[%emt 00:04:04]} 13. g4 {[%clk 01:17:55]} {[%emt 00:03:21]} b6 {[%clk
01:17:58]} {[%emt 00:03:02]} 14. Nf1 {[%clk 01:06:30]} {[%emt 00:11:55]} Ba6
{[%clk 01:09:27]} {[%emt 00:09:01]} 15. Rxd8+ {[%clk 01:05:12]} {[%emt
00:01:48]} Qxd8 {[%clk 01:06:16]} {[%emt 00:03:41]} 16. Qe1 {[%clk 01:04:21]}
{[%emt 00:01:19]} Qd7 {[%clk 00:58:06]} {[%emt 00:08:42]} 17. Ng3 {[%clk
01:00:06]} {[%emt 00:04:44]} Nd4 {[%clk 00:53:39]} {[%emt 00:04:57]} 18. Nxd4
{[%clk 00:54:41]} {[%emt 00:05:56]} exd4 {[%clk 00:53:22]} {[%emt 00:00:47]}
19. e5 {[%clk 00:47:46]} {[%emt 00:07:25]} Re8 {[%clk 00:53:39]} {[%emt
00:00:13]} 20. Nf5 {[%clk 00:45:17]} {[%emt 00:02:59]} Nd5 {[%clk 00:46:43]}
{[%emt 00:07:27]} 21. Bd2 {[%clk 00:37:24]} {[%emt 00:08:23]} f6 {[%clk
00:39:50]} {[%emt 00:07:23]} 22. Qe4 {[%clk 00:29:33]} {[%emt 00:08:20]} Rxe5
{[%clk 00:39:42]} {[%emt 00:00:39]} 23. Qf3 {[%clk 00:29:25]} {[%emt 00:00:36]}
c6 {[%clk 00:33:34]} {[%emt 00:06:40]} 24. Bb4 {[%clk 00:25:37]} {[%emt
00:04:18]} Qe6 {[%clk 00:24:29]} {[%emt 00:09:35]} 25. Kh2 {[%clk 00:21:50]}
{[%emt 00:04:17]} Kh7 {[%clk 00:20:21]} {[%emt 00:04:38]} 26. Bxc5 {[%clk
00:19:45]} {[%emt 00:02:36]} bxc5 {[%clk 00:20:43]} {[%emt 00:00:08]} 27. Ng3
{[%clk 00:18:40]} {[%emt 00:01:34]} Kg8 {[%clk 00:16:22]} {[%emt 00:04:51]} 28.
Ne4 {[%clk 00:17:01]} {[%emt 00:02:10]} Qe7 {[%clk 00:16:03]} {[%emt 00:00:49]}
29. Re1 {[%clk 00:15:15]} {[%emt 00:02:15]} g6 {[%clk 00:13:51]} {[%emt
00:02:44]} 30. Qg3 {[%clk 00:14:06]} {[%emt 00:01:39]} Re6 {[%clk 00:13:15]}
{[%emt 00:01:06]} 31. h4 {[%clk 00:12:22]} {[%emt 00:02:14]} Kg7 {[%clk
00:12:58]} {[%emt 00:00:47]} 32. Bf3 {[%clk 00:10:05]} {[%emt 00:02:47]} Re5
{[%clk 00:11:34]} {[%emt 00:01:54]} 33. Bg2 {[%clk 00:09:11]} {[%emt 00:01:24]}
g5 {[%clk 00:11:29]} {[%emt 00:00:35]} 34. Qf3 {[%clk 00:07:51]} {[%emt
00:01:50]} Bc8 {[%clk 00:11:10]} {[%emt 00:00:50]} 35. hxg5 {[%clk 00:07:23]}
{[%emt 00:00:58]} hxg5 {[%clk 00:10:14]} {[%emt 00:01:25]} 36. Rh1 {[%clk
00:06:47]} {[%emt 00:01:06]} Nf4 {[%clk 00:08:52]} {[%emt 00:01:52]} 37. Ng3
{[%clk 00:06:28]} {[%emt 00:00:48]} Bd7 {[%clk 00:04:31]} {[%emt 00:04:51]} 38.
Nf5+ {[%clk 00:04:37]} {[%emt 00:02:22]} Bxf5 {[%clk 00:04:46]} {[%emt
00:00:15]} 39. gxf5 {[%clk 00:04:51]} {[%emt 00:00:16]} Rxf5 {[%clk 00:04:18]}
{[%emt 00:00:58]} 40. Qxc6 {[%clk 00:04:26]} {[%emt 00:00:55]} Ne2 {[%clk
00:03:51]} {[%emt 00:00:57]} 41. Bf3 {[%clk 00:01:00]} {[%emt 00:03:57]} g4
{[%clk 00:03:56]} {[%emt 00:00:25]} 42. Qe4 {[%clk 00:20:52]} {[%emt 00:10:37]}
Rh5+ {[%clk 00:30:51]} {[%emt 00:03:35]} 43. Kg2 {[%clk 00:21:04]} {[%emt
00:00:18]} gxf3+ {[%clk 00:31:15]} {[%emt 00:00:06]} 44. Qxf3 {[%clk 00:21:05]}
{[%emt 00:00:30]} Rxh1 {[%clk 00:31:35]} {[%emt 00:00:09]} 45. Kxh1 {[%clk
00:21:28]} {[%emt 00:00:07]} Qe5 {[%clk 00:31:24]} {[%emt 00:00:42]} 46. Qg4+
{[%clk 00:20:59]} {[%emt 00:00:59]} Kh6 {[%clk 00:31:39]} {[%emt 00:00:18]} 47.
Qc8 {[%clk 00:20:14]} {[%emt 00:01:12]} Qe4+ {[%clk 00:31:29]} {[%emt
00:00:40]} 48. Kh2 {[%clk 00:20:28]} {[%emt 00:00:15]} Qh4+ {[%clk 00:31:53]}
{[%emt 00:00:07]} 49. Kg2 {[%clk 00:20:48]} {[%emt 00:00:10]} Nf4+ {[%clk
00:32:19]} {[%emt 00:00:05]} 50. Kg1 {[%clk 00:21:05]} {[%emt 00:00:13]} Qg5+
{[%clk 00:32:43]} {[%emt 00:00:06]} 51. Kf1 {[%clk 00:21:21]} {[%emt 00:00:13]}
Qg2+ {[%clk 00:33:08]} {[%emt 00:00:06]} 52. Ke1 {[%clk 00:21:48]} {[%emt
00:00:04]} Qg1+ {[%clk 00:33:30]} {[%emt 00:00:07]} 53. Kd2 {[%clk 00:22:10]}
{[%emt 00:00:08]} Qxf2+ {[%clk 00:33:55]} {[%emt 00:00:05]} 54. Kd1 {[%clk
00:22:36]} {[%emt 00:00:05]} Qe2+ {[%clk 00:34:16]} {[%emt 00:00:09]} 55. Kc1
{[%clk 00:23:01]} {[%emt 00:00:05]} Qe1# {[%clk 00:34:42]} {[%emt 00:00:04]}
0-1

[Event "DEM U12 2021"]
[Site "Willingen GER"]
[Date "2021.08.27"]
[Round "7"]
[White "Haubold, Christian Lucas"]
[Black "Dordevic, Tom"]
[Result "0-1"]
[Termination "normal"]
[Board "2"]
[WhiteElo "1649"]
[BlackElo "1594"]
[WhiteClock "00:13:09"]
[BlackClock "00:20:34"]
[PlyCount "78"]
[WhiteFideId "16259629"]
[BlackFideId "16260503"]
[EventCountry "GER"]
[EventRounds "9"]
[EventType "swiss"]
[EventDate "2021.08.22"]

1. e4 {[%clk 01:30:57]} {[%emt 00:00:03]} c6 {[%clk 01:30:49]} {[%emt
00:00:11]} 2. d4 {[%clk 01:31:19]} {[%emt 00:00:08]} d5 {[%clk 01:31:13]}
{[%emt 00:00:06]} 3. Nc3 {[%clk 01:31:33]} {[%emt 00:00:16]} dxe4 {[%clk
01:31:24]} {[%emt 00:00:19]} 4. Nxe4 {[%clk 01:31:53]} {[%emt 00:00:09]} Bf5
{[%clk 01:31:45]} {[%emt 00:00:10]} 5. Ng3 {[%clk 01:32:11]} {[%emt 00:00:12]}
Bg6 {[%clk 01:32:08]} {[%emt 00:00:07]} 6. Nf3 {[%clk 01:32:09]} {[%emt
00:00:32]} Nd7 {[%clk 01:32:25]} {[%emt 00:00:13]} 7. Nh4 {[%clk 01:26:35]}
{[%emt 00:06:04]} e6 {[%clk 01:31:13]} {[%emt 00:01:42]} 8. Nxg6 {[%clk
01:26:45]} {[%emt 00:00:20]} hxg6 {[%clk 01:31:36]} {[%emt 00:00:07]} 9. Bc4
{[%clk 01:23:30]} {[%emt 00:03:45]} Ngf6 {[%clk 01:30:25]} {[%emt 00:01:41]}
10. c3 {[%clk 01:20:32]} {[%emt 00:03:29]} Qc7 {[%clk 01:27:07]} {[%emt
00:03:47]} 11. Bg5 {[%clk 01:16:50]} {[%emt 00:04:13]} Be7 {[%clk 01:26:17]}
{[%emt 00:01:21]} 12. Qf3 {[%clk 01:14:32]} {[%emt 00:02:48]} O-O-O {[%clk
01:20:52]} {[%emt 00:05:54]} 13. O-O-O {[%clk 01:12:47]} {[%emt 00:02:15]} c5
{[%clk 01:10:55]} {[%emt 00:10:28]} 14. Bf4 {[%clk 01:04:02]} {[%emt 00:09:15]}
Bd6 {[%clk 01:09:41]} {[%emt 00:01:44]} 15. Bxd6 {[%clk 01:03:01]} {[%emt
00:01:32]} Qxd6 {[%clk 01:08:39]} {[%emt 00:01:32]} 16. Bb3 {[%clk 00:56:22]}
{[%emt 00:07:08]} Qc7 {[%clk 01:03:32]} {[%emt 00:05:37]} 17. Kb1 {[%clk
00:52:29]} {[%emt 00:04:23]} Kb8 {[%clk 01:01:21]} {[%emt 00:02:41]} 18. h4
{[%clk 00:40:39]} {[%emt 00:12:21]} cxd4 {[%clk 00:49:43]} {[%emt 00:12:08]}
19. cxd4 {[%clk 00:39:04]} {[%emt 00:02:04]} Nb6 {[%clk 00:48:23]} {[%emt
00:01:51]} 20. Ne4 {[%clk 00:35:13]} {[%emt 00:04:21]} Nxe4 {[%clk 00:46:26]}
{[%emt 00:02:27]} 21. Qxe4 {[%clk 00:34:02]} {[%emt 00:01:41]} Nd5 {[%clk
00:36:11]} {[%emt 00:10:44]} 22. g4 {[%clk 00:29:38]} {[%emt 00:04:54]} Nf6
{[%clk 00:32:06]} {[%emt 00:04:35]} 23. Qf3 {[%clk 00:29:02]} {[%emt 00:01:06]}
Qc6 {[%clk 00:29:18]} {[%emt 00:03:18]} 24. Qxc6 {[%clk 00:21:15]} {[%emt
00:08:18]} bxc6 {[%clk 00:29:42]} {[%emt 00:00:06]} 25. f3 {[%emt 00:07:02]}
Nd5 {[%clk 00:23:21]} 26. Kc1 {[%clk 00:16:07]} {[%emt 00:05:56]} Nf4 {[%clk
00:21:18]} {[%emt 00:02:32]} 27. Rd2 {[%clk 00:13:09]} {[%emt 00:03:28]} Rxd4
{[%clk 00:20:34]} {[%emt 00:01:14]} 28. Rxd4 {[%emt 00:01:16]} Ne2+ 29. Kd2
Nxd4 30. Bd1 Kc7 31. Ke3 Nb5 32. a4 Nd6 33. Kd4 Rb8 34. b3 Rb4+ 35. Kc3 c5 36.
h5 gxh5 37. Rxh5 Kc6 38. Rh7 g6 39. Rg7 e5 0-1